000 00370nam a22001457a 4500
008 210428b ||||| |||| 00| 0 eng d
020 _a9789928174017
041 _aeng
080 _a941
082 _a941
100 _a17
101 _aSHH
245 _aHASI Enciklopedi Etnokulturore II Gjeografia, Trashëgimia Familjare, Jeta Sociale
_cCocaj,N
942 _2udc
_cBK
999 _c56863
_d56863